|
|
|
|
| LEADER |
02329nam a2200421 a 4500 |
| 001 |
mzk03001076550 |
| 003 |
CZ BrMZK |
| 005 |
20091120122310.0 |
| 007 |
ta |
| 008 |
091120s1730 sz fr|||||00| ||latod |
| 040 |
|
|
|a BOA001
|b cze
|
| 072 |
|
7 |
|a 094
|x Staré tisky
|2 Konspekt
|9 12
|
| 080 |
|
|
|a (0.068)094
|2 MRF
|
| 100 |
0 |
|
|a Řehoř
|b IX.,
|c papež,
|d asi 1170-1241
|7 ola2002153699
|4 aut
|
| 245 |
1 |
0 |
|a Gregorii Papae IX. Decretales :
|b Una cum Libro Sexto, Clementinis et Extravagantibus, ad Veteres Codices Restitutae et Notis Illustratae. Quibus accedunt Septimus Decretalium et Jo. Pauli Lancelotti Institutiones Juris Canonici, Cum indicibus necessariis.
|n Tomus Secundus
|
| 260 |
|
|
|a Coloniae Munatianae :
|b Impensis E. & J.R. Thurnisiorum, Fratrum,
|c 1730
|
| 300 |
|
|
|a [20], 2 s., 754 sl. ;
|c 4°
|
| 500 |
|
|
|a Jednotlivé kapitoly jsou vyznačeny nalepenými záložkami
|
| 500 |
|
|
|a Výzdoba: Signet (Festina Lente), vlysy, vnitřní patituly, text tištěn dvousloupcově
|
| 501 |
|
|
|a Přívazek k: Corpus Juris Canonici Academicum ... / Christoph Heinrich Freiesleben
|
| 505 |
0 |
|
|a Liber Sextus Decretalium D. Bonifacii Papae VIII. Suae Integritati Una cum Clementinis et Extravagantibus Restitutus. -- [6], 2 s., 404 sl., [68] s.
|
| 505 |
0 |
|
|a Liber septimus Decretalium Constitutionum Apostolicarum, adjectus ad Plenam et Perfectam Juris Apostolici Cognitionem. -- [4], 2 s., 236 sl., [98] s.
|
| 655 |
|
7 |
|a staré tisky
|7 fd422076
|2 czenas
|
| 700 |
1 |
|
|a Freiesleben, Christoph Heinrich,
|d 1677-1733
|7 mzk2009510262
|4 aut
|
| 700 |
1 |
|
|a Lancellotti, Giovanni Paolo,
|d 1522-1590
|7 mzk2008453603
|4 aut
|
| 740 |
0 |
2 |
|a Liber Sextus Decretalium D. Bonifacii Papae VIII. Suae Integritati Una cum Clementinis et Extravagantibus Restitutus
|
| 740 |
0 |
2 |
|a Liber septimus Decretalium Constitutionum Apostolicarum, adjectus ad Plenam et Perfectam Juris Apostolici Cognitionem
|
| 700 |
0 |
|
|a Bonifác
|b VIII.,
|c papež,
|d asi 1235-1303
|7 js20020115035
|4 aut
|
| 903 |
|
|
|a RP
|
| 910 |
|
|
|a BOA001
|b CH-0006.799,1,přív.
|
| 978 |
|
|
|b Thurneysen, Emanuel
|a Basel
|c 1730
|
| 978 |
|
|
|b Thurneysen, Johann Rudolf
|a Basel
|c 1730
|
| 984 |
|
|
|a Basilej
|b Švýcarsko
|
| 985 |
|
|
|a 1701-1750
|
| 990 |
|
|
|a BK
|
| 993 |
|
|
|a Y
|
| 991 |
|
|
|k mzk
|
| 994 |
|
|
|a UP
|l MZK03
|b 001076549
|m přívazek
|n záznam 1. díla (pro objednání pokračujte kliknutím)
|